000 00330nam a2200133Ia 4500
008 240624s9999 xx 000 0 und d
041 _aeng
082 _a823 COF
100 _aKELLERMAN FAYE
245 _aMERCEDES COFFIN
260 _c2009
_aNew York
_bHarper Collins Publishers
300 _a417 : p. : cm. ; 17
365 _c
_b20
999 _c13779
_d13779